Управление в правоохранительной сфере: траектории развития (Запись № 12103012)
[ простой вид ]
| 000 -МАРКЕР | |
|---|---|
| контрольное поле | 02482nam0a2200385 4500 |
| 001 - ИДЕНТИФИКАТОР ЗАПИСИ | |
| контрольное поле | RU\NLR\BIBL_A\012142196 |
| 005 - ИДЕНТИФИКАТОР ВЕРСИИ | |
| контрольное поле | 20191203103204.0 |
| 010 ## - МЕЖДУНАРОДНЫЙ СТАНДАРТНЫЙ НОМЕР КНИГИ (ISBN) | |
| Номер (ISBN) | 978-5-696-05031-7 |
| Тираж | 300 |
| 021 ## - НОМЕР ГОСУДАРСТВЕННОЙ РЕГИСТРАЦИИ | |
| Код страны | российская федерация |
| Номер | КН-П-19-080643 |
| Номер Листа государственной регистраци | КН-П-19-5853 |
| 035 ## - ДРУГИЕ СИСТЕМНЫЕ НОМЕРА | |
| Идентификатор записи | (NLR Aleph) 012142196 |
| 035 ## - ДРУГИЕ СИСТЕМНЫЕ НОМЕРА | |
| Идентификатор записи | (RuMoRGB)010134126 |
| 100 ## - ДАННЫЕ ОБЩЕЙ ОБРАБОТКИ | |
| Данные общей обработки | 20191118d2019 k y0rusy50 ca |
| 101 0# - ЯЗЫК РЕСУРСА | |
| Язык текста, звукозаписи и т.д. | русский |
| 102 ## - СТРАНА ПУБЛИКАЦИИ ИЛИ ПРОИЗВОДСТВА | |
| Страна публикации | российская федерация |
| 105 ## - ПОЛЕ КОДИРОВАННЫХ ДАННЫХ: ТЕКСТОВЫЕ МАТЕРИАЛЫ, МОНОГРАФИЧЕСКИЕ | |
| Кодированные данные о монографическом текстовом документе | y|||z|||000zy |
| 200 1# - ЗАГЛАВИЕ И СВЕДЕНИЯ ОБ ОТВЕТСТВЕННОСТИ | |
| Основное заглавие | Управление в правоохранительной сфере: траектории развития |
| Сведения, относящиеся к заглавию | монография |
| Первые сведения об ответственности | [А.Я. Кодинцев, А.Д. Магденко, Л.Ф. Иванова и др.] |
| Последующие сведения об ответственности | под редакцией З.Р. Танаевой |
| -- | Министерство науки и высшего образования Российской Федерации, Южно-Уральский государственный университет (национальный исследовательский университет), Юридический институт |
| 210 ## - ПУБЛИКАЦИЯ, РАСПРОСТРАНЕНИЕ И ДР. | |
| Место издания, распространения и т.д. | Челябинск |
| Имя издателя, распространителя и т. д. | Издательский центр ЮУрГУ |
| Дата издания, распространения и т.д. | 2019 |
| 215 ## - ФИЗИЧЕСКАЯ ХАРАКТЕРИСТИКА | |
| Специфическое обозначение материала и объем | 166, [1] с. |
| Размеры | 21 |
| 300 ## - ОБЩИЕ ПРИМЕЧАНИЯ | |
| Текст примечания | В конце кн. авт.: Кодинцев А.Я. - д-р юрид. наук, доц., проф., Магденко А.Д., Иванова Л.Ф. - кандидаты юрид. наук, доценты [и др.] |
| 300 ## - ОБЩИЕ ПРИМЕЧАНИЯ | |
| Текст примечания | Авт. указаны на обороте тит. л. |
| 320 ## - ПРИМЕЧАНИЯ О НАЛИЧИИ В ДОКУМЕНТЕ БИБЛИОГРАФИИ / УКАЗАТЕЛЯ | |
| Текст примечания | Библиогр.: с. 149-166 (270 назв.) и в подстроч. примеч. |
| 606 1# - НАИМЕНОВАНИЕ ТЕМЫ КАК ПРЕДМЕТ | |
| Наименование темы | Правоохранительные органы |
| Тематический подзаголовок | Управление |
| Географический подзаголовок | Российская Федерация |
| Код системы | nlr_sh2 |
| Идентификатор авторитетной/нормативной записи | RU\NLR\AUTH\661531743 |
| 686 1# - ИНДЕКСЫ ДРУГИХ КЛАССИФИКАЦИЙ | |
| Индекс | Х629.0 |
| 701 #1 - ИМЯ ЛИЦА - АЛЬТЕРНАТИВНАЯ ОТВЕТСТВЕННОСТЬ | |
| Начальный элемент ввода | Кодинцев |
| Часть имени, кроме начального элемента ввода | А. Я. |
| Расширение инициалов личного имени | Александр Яковлевич |
| 701 #1 - ИМЯ ЛИЦА - АЛЬТЕРНАТИВНАЯ ОТВЕТСТВЕННОСТЬ | |
| Начальный элемент ввода | Магденко |
| Часть имени, кроме начального элемента ввода | А. Д. |
| Расширение инициалов личного имени | Александр Дмитриевич |
| 701 #1 - ИМЯ ЛИЦА - АЛЬТЕРНАТИВНАЯ ОТВЕТСТВЕННОСТЬ | |
| Начальный элемент ввода | Иванова |
| Часть имени, кроме начального элемента ввода | Л. Ф. |
| Дополнения к именам, кроме дат | канд. юрид. наук |
| Расширение инициалов личного имени | Лилия Фанисовна |
| Идентификатор авторитетной/нормативной записи | RU\NLR\AUTH\77110182 |
| 702 #1 - ИМЯ ЛИЦА - ВТОРИЧНАЯ ОТВЕТСТВЕННОСТЬ | |
| Начальный элемент ввода | Танаева |
| Часть имени, кроме начального элемента ввода | З. Р. |
| Расширение инициалов личного имени | Замфира Рафисовна |
| Код отношения | Редактор |
| 712 02 - НАИМЕНОВАНИЕ ОРГАНИЗАЦИИ - ВТОРИЧНАЯ ОТВЕТСТВЕННОСТЬ | |
| Начальный элемент ввода | Южно-Уральский государственный университет |
| Идентифицирующий признак | Челябинск |
| Структурное подразделение | Юридический институт |
| Идентификатор авторитетной/нормативной записи | RU\NLR\AUTH\880473476 |
| Код отношения | Прочие |
| 942 ## - ДОПОЛНИТЕЛЬНЫЕ ЭЛЕМЕНТЫ ЗАПИСИ (АБИС) | |
| Тип экземпляра АБИС | Книга |
| 980 ## - КОЛЛЕКЦИЯ | |
| Название коллекции | НБР |
| 980 ## - КОЛЛЕКЦИЯ | |
| Название коллекции | Национальная библиография |
Нет доступных экземпляров.